00774nam a2200205Ia 4500003000900000008004100009040001600050080001600066100002600082245015000108260003500258300001400293650004100307650002300348700002900371700002600400942000700426999001500433952012000448IN-BaIIA211028s9999 xx 000 0 eng d cIIA Library a535.33bBOC aBochkova, O. P.95195 0aSpectroscopic analysis of gas mixtureedcBochkova, O. P. and E. Ya Shreyder; edited by S. E. Frisch  aNew YorkbAcademic Pressc1965 axi, 313p. aAstronomy and Astrophysics Thesaurus aSpectroscopy91535 aFrisch, S. E., ed.95196 aShreyder, E. Ya95197 cBK c2913d2913 00104070aBANbBANcGENd1967-05-09g104.40l0o535.33/ BOCp3238r2021-11-05v104.40w1967-05-09yBKGRs. 104.40